| 000 | 00369cam a22001337a 4500 | ||
|---|---|---|---|
| 008 | 180718b1983 xxu||||| |||| 00| 0 eng d | ||
| 082 | _aB1243x54 Sh15i | ||
| 100 | _aShakir, Moin | ||
| 245 |
_aIslam in Indian politics _cby Moin Shakir |
||
| 260 |
_aDelhi _bAnanta _c1983 |
||
| 300 | _a131p. | ||
| 650 | _aIndia - Politics and government | ||
| 650 | _aMohammedans in India | ||
| 999 |
_c354163 _d354163 |
||